000 00586nam a2200217Ii 4500
001 9837
003 CO-ViMGA
008 241108s9999||||xx |||||||||||||| ||und||
020 _a9589044611
040 _aCO-ViMGA
_bspa
_erda
_cCO-ViMGA
041 0 _aspa
084 _aC DAC1
100 1 _aIvar Da Coll
_948115
245 1 0 _aTengo miedo
264 1 _aBogotá, Colombia : Carlos Valencia, 1989
300 _avolumen
336 _atext
_btxt
_2rdacontent
337 _aunmediated
_bn
_2rdamedia
338 _avolume
_bnc
_2rdacarrier
940 _aidficha_siabuc: 9621. -- ficha_no_siabuc:9837
999 _c42753
_d42753